00614 a2200181 450000500170000000800410001701000140005802000230007203500130009503700150010808200140012310000200013724500480015726000440020527000470024930000350029650001010033120181004161353.0090717t xxu||||| |||| 00| 0 eng d aENG-89280 a8120328990c195.00 aEN-72813 bDBAD / PUB a620.00151 aGangadharan, A. aEngineering mathematics/cby A. Gangadharan aNew DelhibPrentice Hall of Indiac2007 aM-97, Connaught CircusbNew Delhie110 001 aV.2 (viii, 278 p.)c24cm (Pbk) aThis book published in 2 vols. - V.1 recd. on 30.8.2007 & Acc.No. EN-70068. and includes index